| 000 | 00772nam a2200229Ia 4500 | ||
|---|---|---|---|
| 003 | OSt | ||
| 005 | 20250310100131.0 | ||
| 008 | 210716s2011 xx 000 0 und d | ||
| 020 | _a9780749460945 | ||
| 040 | _cAIMIT LIBRARY | ||
| 041 | _aeng | ||
| 082 |
_a658.4062 _21 _bMEEY |
||
| 100 |
_aCheung-Judge, Mee-Yan. _9205269 |
||
| 245 |
_aOrganization development: _bpractitioners guide for OD and HR / _cBy Mee-yan Cheung-Judge and Linda Holbeche. |
||
| 250 | _a1st ed. | ||
| 260 |
_aNew Delhi : _bKogan Page ; _c2011. |
||
| 300 |
_axv,324p. ; _bPB _c23 cm. |
||
| 650 |
_aPower and politics and organization development _9205270 |
||
| 650 |
_aManaging transformational change _9205271 |
||
| 700 |
_aHolbeche, Linda. _9205272 |
||
| 942 |
_2ddc _cBK _e1st ed. _k658.4062 MEEY |
||
| 999 |
_c207142 _d207142 |
||